| Tag |
First Indicator |
Second Indicator |
Subfields |
| LEADER |
00000cam a2200000 a 4500 |
| 001 |
in00000099717 |
| 005 |
20150924160403.0 |
| 008 |
750827s1957 enka 00110 engm |
| 010 |
|
|
|a 58002816
|
| 035 |
|
|
|a (OCoLC)01576137
|
| 035 |
|
|
|9 AAL0336AM
|
| 040 |
|
|
|a DZM
|c DZM
|d TXA
|d UtOrBLW
|
| 049 |
|
|
|a TXAM
|c [1562173]
|
| 050 |
0 |
0 |
|a TP377
|b .L96 1957
|
| 092 |
|
|
|a ST 664.1
|b L885t 1957
|
| 100 |
1 |
|
|a Lyle, Oliver,
|c Sir.
|
| 245 |
1 |
0 |
|a Technology for sugar refinery workers /
|c by Oliver Lyle.
|
| 250 |
|
|
|a 3rd ed., rev., rearr. and enl.
|
| 264 |
|
1 |
|a London :
|b Chapman & Hall,
|c [1957]
|
| 264 |
|
4 |
|c ©1957
|
| 300 |
|
|
|a 663 pages :
|b illustrations ;
|c 23 cm.
|
| 336 |
|
|
|a text
|b txt
|2 rdacontent
|
| 337 |
|
|
|a unmediated
|b n
|2 rdamedia
|
| 338 |
|
|
|a volume
|b nc
|2 rdacarrier
|
| 500 |
|
|
|a Includes index.
|
| 650 |
|
0 |
|a Sugar
|x Manufacture and refining.
|
| 650 |
|
0 |
|a Sugar.
|
| 999 |
|
|
|a MARS
|
| 999 |
f |
f |
|s 277b3316-4545-3947-bb30-344ebeabf0fe
|i 7952fd3d-25ce-39bc-9751-577117f0f21b
|t 0
|
| 952 |
f |
f |
|p ric
|a Texas A&M University
|b Rellis Campus
|c Joint Library Facility
|d Remote Storage
|t 0
|e TP377 .L96 1957
|h Library of Congress classification
|i unmediated -- volume
|m A14806045542
|
| 998 |
f |
f |
|a TP377 .L96 1957
|t 0
|l Remote Storage
|